<?xml version="1.0" encoding="UTF-8"?>
<record
    xmlns:xsi="http://www.w3.org/2001/XMLSchema-instance"
    xsi:schemaLocation="http://www.loc.gov/MARC21/slim http://www.loc.gov/standards/marcxml/schema/MARC21slim.xsd"
    xmlns="http://www.loc.gov/MARC21/slim">

  <leader>00989nam a22002297a 4500</leader>
  <controlfield tag="005">20240530110603.0</controlfield>
  <controlfield tag="008">161015s2014    ua fa  f b    000 0 ara d</controlfield>
  <datafield tag="017" ind1=" " ind2=" ">
    <subfield code="a">2013/24023</subfield>
    <subfield code="b">&#x645;&#x635;&#x631;. &#x62F;&#x627;&#x631; &#x627;&#x644;&#x643;&#x62A;&#x628;</subfield>
  </datafield>
  <datafield tag="020" ind1=" " ind2=" ">
    <subfield code="a">9789772767168</subfield>
  </datafield>
  <datafield tag="040" ind1=" " ind2=" ">
    <subfield code="a">EG-CaGPL</subfield>
    <subfield code="c">EG-CaGPL</subfield>
  </datafield>
  <datafield tag="082" ind1="0" ind2="4">
    <subfield code="2">21</subfield>
    <subfield code="a">725.73\</subfield>
    <subfield code="b">&#x645; &#x62D;</subfield>
  </datafield>
  <datafield tag="100" ind1="0" ind2=" ">
    <subfield code="a">&#x645;&#x646;&#x635;&#x648;&#x631; &#x645;&#x62D;&#x645;&#x62F; &#x639;&#x628;&#x62F;&#x627;&#x644;&#x631;&#x627;&#x632;&#x642; &#x645;&#x639;&#x648;&#x636; .</subfield>
  </datafield>
  <datafield tag="245" ind1="1" ind2="2">
    <subfield code="a">&#x627;&#x644;&#x62D;&#x645;&#x627;&#x645;&#x627;&#x62A; &#x627;&#x644;&#x639;&#x627;&#x645;&#x629; &#x628;&#x645;&#x62F;&#x64A;&#x646;&#x629; &#x62D;&#x644;&#x628; &#x645;&#x646;&#x630; &#x628;&#x62F;&#x627;&#x64A;&#x629; &#x627;&#x644;&#x639;&#x635;&#x631; &#x627;&#x644;&#x627;&#x64A;&#x648;&#x628;&#x649; &#x648; &#x62D;&#x62A;&#x649; &#x646;&#x647;&#x627;&#x64A;&#x629; &#x627;&#x644;&#x639;&#x635;&#x631; &#x627;&#x644;&#x639;&#x62B;&#x645;&#x627;&#x646;&#x649; :</subfield>
    <subfield code="b">&#x62F;&#x631;&#x627;&#x633;&#x629; &#x627;&#x62B;&#x627;&#x631;&#x64A;&#x629; &#x645;&#x639;&#x645;&#x627;&#x631;&#x64A;&#x629; /</subfield>
    <subfield code="c">&#x645;&#x646;&#x635;&#x648;&#x631; &#x645;&#x62D;&#x645;&#x62F; &#x639;&#x628;&#x62F;&#x627;&#x644;&#x631;&#x627;&#x632;&#x642; &#x645;&#x639;&#x648;&#x636; .</subfield>
  </datafield>
  <datafield tag="250" ind1=" " ind2=" ">
    <subfield code="a">&#x637;1.</subfield>
  </datafield>
  <datafield tag="260" ind1=" " ind2=" ">
    <subfield code="a">&#x627;&#x644;&#x642;&#x627;&#x647;&#x631;&#x629; :</subfield>
    <subfield code="b">&#x627;&#x644;&#x645;&#x643;&#x62A;&#x628; &#x627;&#x644;&#x639;&#x631;&#x628;&#x649; &#x644;&#x644;&#x645;&#x639;&#x627;&#x631;&#x641; &#x60C;</subfield>
    <subfield code="c">2014 .</subfield>
  </datafield>
  <datafield tag="300" ind1=" " ind2=" ">
    <subfield code="a">&#x645;&#x62C; 1 :</subfield>
    <subfield code="b">&#x644;&#x648;&#x62D;&#x627;&#x62A; &#x61B;</subfield>
    <subfield code="c">24 &#x633;&#x645; .</subfield>
  </datafield>
  <datafield tag="504" ind1=" " ind2=" ">
    <subfield code="a">&#x628;&#x628;&#x644;&#x64A;&#x648;&#x62C;&#x631;&#x627;&#x641;&#x64A;&#x629; : &#x635; 959 - 983</subfield>
  </datafield>
  <datafield tag="650" ind1="0" ind2="7">
    <subfield code="2">qrmak</subfield>
    <subfield code="a">&#x627;&#x644;&#x62D;&#x645;&#x627;&#x645;&#x627;&#x62A;</subfield>
    <subfield code="x">&#x627;&#x62B;&#x627;&#x631;</subfield>
    <subfield code="z">&#x62D;&#x644;&#x628;</subfield>
  </datafield>
  <datafield tag="650" ind1="0" ind2="7">
    <subfield code="a">&#x627;&#x644;&#x62D;&#x645;&#x627;&#x645;&#x627;&#x62A; &#x627;&#x644;&#x639;&#x627;&#x645;&#x629;</subfield>
  </datafield>
  <datafield tag="942" ind1=" " ind2=" ">
    <subfield code="2">ddc</subfield>
    <subfield code="c">BK</subfield>
  </datafield>
  <datafield tag="999" ind1=" " ind2=" ">
    <subfield code="c">62710</subfield>
    <subfield code="d">62710</subfield>
  </datafield>
  <datafield tag="952" ind1=" " ind2=" ">
    <subfield code="0">0</subfield>
    <subfield code="1">0</subfield>
    <subfield code="4">0</subfield>
    <subfield code="7">0</subfield>
    <subfield code="a">CAI</subfield>
    <subfield code="b">CAI</subfield>
    <subfield code="c">ART-LIBRARY</subfield>
    <subfield code="d">2016-10-25</subfield>
    <subfield code="l">0</subfield>
    <subfield code="o">725.73\ &#x645; &#x62D;</subfield>
    <subfield code="p">162543</subfield>
    <subfield code="r">2016-10-25 00:00:00</subfield>
    <subfield code="w">2016-10-25</subfield>
    <subfield code="y">BK</subfield>
  </datafield>
</record>
